00414 2200169 4500001002100000005001500021035002000036245003300056100001800089250001800107300002800125260003600153082000800189084001400197020002200211650001100233INLIS00000000000035220240604025635 a0010-06240000611 aBunga Mawar /cBagindo Saleh0 aBagindo Saleh acetakan ke-12 a58 hlm :bilus ;c21 cm aJakarta :bBalai Pustaka,c2007 a813 a813 BAG b a978-979-690-273-7 4aCerpen